000 00858nam a2200277Ia 4500
005 20220316235243.0
008 121119s2001 mx gr 000 0 spa
020 _a9681605365
041 0 _aspa
082 0 4 _a321.07
_bM67u
245 0 0 _aUtopías del renacimiento
_cestudio preliminar, Eugenio Ímaz
250 _aPrimera edición
300 _a273 páginas
_c17 cm
490 0 _aColección popular
_vno. 121
650 1 4 _aUtopías
_2LEMB
650 1 4 _aCiencias políticas
_2LEMB
650 1 4 _aFilosofía y estado
_2LEMB
650 1 4 _aFilosofía y política
_2LEMB
700 1 _aImaz, Eugenio
_d1900-1951
_935306
942 _2ddc
_cBK
264 _aMéxico
_bFondo de Cultura Económica
_c2001
336 _atexto
_btxt
_2rdacontent
337 _asin mediación
_bn
_2rdamedia
338 _avolumen
_bnc
_2rdacarrier
040 _aCO-BoRNBP
_bspa
_erda
_cCO-BoRNBP
999 _c381
_d381